| 000 | 00462ntaaa2200193 4500 | ||
|---|---|---|---|
| 003 | 01 | ||
| 005 | 20251027202949.0 | ||
| 008 | 0714s1973 ag 01 | ||
| 040 |
_aAR-BaBN _bspa _cAR-BaBN _eaacr _dRIC |
||
| 082 | _a951.0500 Ac3p | ||
| 100 |
_aAcevedo, Bernardo _930467 |
||
| 245 | _aEl paraiso de la China de Mao | ||
| 250 | _a2 ed. | ||
| 260 |
_aBuenos Aires, _c1986 |
||
| 300 |
_a55 p ; _c18 cm |
||
| 650 | _aChina | ||
| 650 |
_acomunismo _92897 |
||
| 942 | _cBK | ||
| 999 |
_c24978 _d24978 |
||